000 00532nam a22001937a 4500
003 KOHA_MİRAKIL
005 20251006085606.0
008 251006b tu ||||| |||| 00| 0 tur d
020 _a9786052982969
040 _aTR-AnABB
_btur
_cTR-AnABB
041 _atur
082 _a813.42
_bKEL 2018
100 1 _aKeleş, Şükrü,
245 1 0 _aİmiş /
_cŞükrü Keleş
260 _aİstanbul :
_bKırmızı Kedi Yayınları,
_c2018
300 _a116 sayfa ;
_c20 cm
650 0 4 _aTürk edebiyatı, roman
942 _2ddc
_cBK
999 _c9085
_d9085
900 _bGizem YORULMAZ